Fresh Water Ecology/ (Record no. 147859)
[ view plain ]
| 000 -LEADER | |
|---|---|
| fixed length control field | 00573cam5a220019300 4500 |
| 001 - CONTROL NUMBER | |
| control field | qce00878575 |
| 005 - DATE AND TIME OF LATEST TRANSACTION | |
| control field | 20190823102016.0 |
| 020 ## - INTERNATIONAL STANDARD BOOK NUMBER | |
| International Standard Book Number | 13373707598 |
| 008 - FIXED-LENGTH DATA ELEMENTS--GENERAL INFORMATION | |
| fixed length control field | 740322s1954 enka 000 0 eng |
| 035 ## - SYSTEM CONTROL NUMBER | |
| System control number | (Sirsi) r55870 |
| 050 0# - LIBRARY OF CONGRESS CALL NUMBER | |
| Classification number | QL 431 MOZ 1954 |
| 100 1# - MAIN ENTRY--PERSONAL NAME | |
| Personal name | Mozley, Alan, 1904- |
| Dates associated with a name | Mozley, Alan, 1904- |
| Linkage | A10906.1 |
| 245 13 - TITLE STATEMENT | |
| Title | Fresh Water Ecology/ |
| Statement of responsibility, etc. | by Alan Mozley |
| 260 ## - PUBLICATION, DISTRIBUTION, ETC. | |
| Place of publication, distribution, etc. | London : |
| Name of publisher, distributor, etc. | H.K. Lewis, |
| Date of publication, distribution, etc. | 1954. |
| 504 ## - BIBLIOGRAPHY, ETC. NOTE | |
| Bibliography, etc. note | Includes bibliographies. |
| 650 #0 - SUBJECT ADDED ENTRY--TOPICAL TERM | |
| Topical term or geographic name entry element | Mollusks. |
| Linkage | S10506.1 |
| 650 #0 - SUBJECT ADDED ENTRY--TOPICAL TERM | |
| Topical term or geographic name entry element | Animal ecology. |
| Linkage | S1980.1 |
| 740 0# - ADDED ENTRY--UNCONTROLLED RELATED/ANALYTICAL TITLE | |
| Uncontrolled related/analytical title | Molluscan ecology. |
No items available.